Excélsior y otros temas de comunicación /

Compilación de artículos periodísticos sobre los medios de comunicación en México, aparecidos originalmente en diversas publicaciones del diario Excélsior; El Universal; Cine Mundial y Unomásuno. El núcleo central de la recopilación es el golpe, preparado por el gobierno de Luis Echeverría Alvarez,...

Cijeli opis

Spremljeno u:
Bibliografski detalji
Glavni autor: Granados Chapa, Miguel Angel (autor)
Format: Knjiga
Jezik:španjolski
Izdano: México : El Caballito, 1980, c1980
Teme:
Oznake: Dodaj oznaku
Bez oznaka, Budi prvi tko označuje ovaj zapis!

MARC

LEADER 00000nam^a2200000^a^4500
001 000000497
005 20250521000000.0
009 20260310083028.302
037 |a Acervo ITESO - Biblioteca 
041 |a ESP 
082 |a 302. 230972  |b GRA 
100 |a Granados Chapa, Miguel Angel  |e (autor) 
245 1 0 |a Excélsior y otros temas de comunicación /  |c M.A. Granados Chapa. 
264 4 |a México :  |b El Caballito,  |c 1980, c1980 
300 |a 306 p. 
336 |a texto  |b txt  |2 rdacontenido 
337 |a sin mediación  |b n  |2 rdamedio 
338 |a volumen  |b nc  |2 rdasoporte 
520 |a Compilación de artículos periodísticos sobre los medios de comunicación en México, aparecidos originalmente en diversas publicaciones del diario Excélsior; El Universal; Cine Mundial y Unomásuno. El núcleo central de la recopilación es el golpe, preparado por el gobierno de Luis Echeverría Alvarez, al diario Excélsior, entonces dirigido por Julio Scherer, un suceso parteaguas en el periodismo mexicano de la segunda mitad del siglo XX. Sin embargo, Granados Chapa aborda también el sindicalismo en los medios; los medios electrónicos y la discusión, predominante en el sexenio de José López Portillo, sobre la regulación jurídica de los medios de comunicación. 
649 |a XX 
650 |a Artículos Periodísticos Mexicanos 
650 |a Periodistas Mexicanos 
650 |a Periodismo Político -  |z México 
650 |a Prensa -  |z México 
650 |a Medios de Comunicación y Estado -  |z México 
650 |a Derecho a la Información -  |z México 
650 |a Libertad de Información -  |z México 
650 |a Sindicalismo -  |z México 
650 |a Comunicación y Política -  |z México 
650 |a Comunicación Masiva -  |z México 
650 |a Política -  |z México -  |x Historia -  |y 1970-1976 
650 |a Política -  |z México -  |x Historia -  |y 1976-1982 
650 |a Política -  |z México -  |x Historia -  |y Siglo XX 
650 |a México -  |x Condiciones Políticas 
910 |a Fondo General 
920 |a Impresos - Libros 
930 |a Colección General 
905 |a 101 
901 |a 0004970100  |b IT1  |c ACC  |i 000497  |u 20250521 
901 |a 0004970200  |b IT1  |c ACC  |i 904383  |u 20250521 
902 |a https://opac.biblio.iteso.mx/vufind/Record/000000497